[Event "Moscow op-E"]
[Site "Moscow"]
[Date "2011.02.02"]
[Round "5.194"]
[White "Afanaskin, Igor"]
[Black "Essaulov, Vasilij"]
[Result "1/2-1/2"]
[WhiteElo "1916"]
[BlackElo "2081"]
[PlyCount "65"]
[EventDate "2011.01.29"]
[EventType "swiss"]
[EventRounds "9"]
[EventCountry "RUS"]
[SourceTitle "EXT 2022"]
[Source "ChessBase"]
[SourceDate "2021.10.06"]
[SourceVersion "1"]
[SourceVersionDate "2021.10.06"]
[SourceQuality "1"]

1. e4 c5 2. Nf3 a6 3. d4 cxd4 4. Nxd4 Nf6 5. Bd3 e5 6. Nb3 d5 7. exd5 Nxd5 8. 0-0 Be7 9. Re1 Nc6 10. N1d2 0-0 11. Ne4 Ndb4 12. a3 Nxd3 13. cxd3 Bf5 14. Be3 Qd5 15. f3 Na5 16. Nxa5 Qxa5 17. Qb3 Qc7 18. Rac1 Qd7 19. Qc3 f6 20. Qc7 Rac8 21. Qxd7 Bxd7 22. d4 exd4 23. Bxd4 Rxc1 24. Rxc1 Rc8 25. Rxc8+ Bxc8 26. Kf2 Kf7 27. Ke3 Ke6 28. Kd3 g6 29. g4 f5 30. Nd2 Kd5 31. Nc4 Kc6 32. Kc3 Kb5 33. Ne3 1/2-1/2

[Event "Moscow op-E"]
[Site "Moscow"]
[Date "2011.01.31"]
[Round "3.214"]
[White "Chilingoryan, Pavel"]
[Black "Essaulov, Vasilij"]
[Result "0-1"]
[WhiteElo "1771"]
[BlackElo "2081"]
[PlyCount "88"]
[EventDate "2011.01.29"]
[EventType "swiss"]
[EventRounds "9"]
[EventCountry "RUS"]
[SourceTitle "EXT 2022"]
[Source "ChessBase"]
[SourceDate "2021.10.06"]
[SourceVersion "1"]
[SourceVersionDate "2021.10.06"]
[SourceQuality "1"]

1. Nf3 d5 2. g3 Bg4 3. Bg2 c6 4. 0-0 Nf6 5. d3 Nbd7 6. Nbd2 e6 7. c3 Bd6 8. Qc2 0-0 9. e4 Re8 10. Re1 Qc7 11. Nh4 dxe4 12. dxe4 e5 13. Nc4 Bf8 14. Ne3 Be6 15. b3 a5 16. Bb2 a4 17. b4 a3 18. Bc1 b5 19. Bd2 Nb6 20. Rad1 Nfd7 21. Nf3 c5 22. Rc1 Rec8 23. Ng5 Bc4 24. Nxc4 Nxc4 25. Bf1 cxb4 26. cxb4 Ndb6 27. Bxc4 Nxc4 28. Bc3 Ra6 29. Nf3 f6 30. Qb3 Qf7 31. Rc2 g6 32. Rec1 Kg7 33. Nd2 Rac6 34. Nb1 Ra8 35. Nd2 Rac8 36. Nb1 Ra8 37. Nd2 Nxd2 38. Qxf7+ Kxf7 39. Bxd2 Rxc2 40. Rxc2 Ra4 41. f3 Bxb4 42. Be3 Be7 43. Kf2 b4 44. Rc1 Ke6 0-1

[Event "Moscow op-B 04th"]
[Site "Moscow"]
[Date "2008.02.05"]
[Round "4"]
[White "Shorbatov, Manakhim"]
[Black "Essaulov, Vasilij"]
[Result "1-0"]
[WhiteElo "2232"]
[BlackElo "2086"]
[PlyCount "83"]
[EventDate "2008.02.02"]
[EventType "swiss"]
[EventRounds "9"]
[EventCountry "RUS"]
[SourceTitle "CBM 122 Extra"]
[Source "ChessBase"]
[SourceDate "2008.03.04"]
[SourceVersion "1"]
[SourceVersionDate "2008.03.04"]
[SourceQuality "1"]

1. d4 Nf6 2. c4 e6 3. g3 Bb4+ 4. Nd2 c5 5. dxc5 Bxc5 6. Nb3 Bb4+ 7. Bd2 Nc6 8. Bg2 0-0 9. Bxb4 Nxb4 10. Qd2 Nc6 11. c5 b6 12. Nh3 bxc5 13. Nxc5 d5 14. Nf4 Qd6 15. Rc1 Rd8 16. 0-0 Rb8 17. Rfd1 Rb5 18. Nfd3 e5 19. a4 Rb8 20. h3 Bf5 21. Ne1 Nd4 22. b4 Nd7 23. e3 Nc6 24. Bxd5 Qf6 25. Ne4 Bxe4 26. Rxc6 Bxd5 27. Qxd5 Nb6 28. Rxf6 Nxd5 29. Ra6 Nxb4 30. Rxd8+ Rxd8 31. Rxa7 g6 32. Nf3 Rd5 33. Ng5 Nc6 34. Rxf7 h6 35. Rc7 hxg5 36. Rxc6 Kf7 37. Ra6 e4 38. Rb6 Re5 39. Rb5 Re6 40. Rxg5 Ra6 41. a5 Kf6 42. Rb5 1-0